01123na a2200265 450000100060000000300080000600500170001400800410003103500100007204000250008204100080010708200210011510000190013624501200015524600990027526001120037430000270048650000360051350201350054950400300068465000430071465000390075765000230079665000380081916466MIRAKIL20181213155022.0161011b tu 000 0  a16466 aMilasbturcTR-AnCHP atur a321.8bK74l 1997 aKubalı, Hakan aLiberal demokrasi'nin eleştirisi, radikal demokrasib- modernite ve postmodernite açısından - cHakan Kubalı aModernite ve postmodernite açısından Liberal demokrasi'nin eleştirisi, radikal demokrasi aAnkara bGazi Üniversitesi Sosyal Bilimler Enstitüsü Siyaset ve Sosyal Bilimler Ana Bilim Dalıc1997 a199 s.b29 sm.c29 sm. aYapıt yazarından imzalıdır. aYüksek lisans tezi -- Gazi Üniversitesi Sosyal Bilimler Enstitüsü Siyaset ve Sosyal Bilimler Anabilim Dalı, Ankara, 1997. aKaynakça (195-199) var. aDemokrasixPostmodernlik açısından aDemokrasixModernlik açısından aDemokrasixRadikal aDemokrasixLiberalyEleştiriler